000 00954cam a22003017a 4500
003 CHAP
005 20220329134831.0
008 971013s1928 r 00010 d
010 _a26683
011 _a27655
035 _a31756
040 _cCHAP
082 _a546.02
_bE44 1928
100 0 0 _aEkeley, John B.
_936089
245 1 2 _aA laboratory manual of inorganic chemistry, to accompany a textbook of inorganic chemistry
250 _a3 ed.
260 _aNew York :
_bWiley,
_c1928
300 _a259 p.
_b: ilus.
590 _aBATCH-UPD
_b10
_c20130110
_lUCH01
_h2107
590 _aBATCH-UPD
_b10
_c20130410
_lUCH01
_h1419
590 _aBATCH-UPD
_b10
_c20130914
_lUCH01
_h1734
590 _aCONVERSION
_b10
_c20130109
_lUCH01
_h1315
650 1 4 _aQuímica inorgánica
_xManuales de laboratorio.
_993595
700 0 _aHolleman, Arnold Frederick.
_955953
901 _aBK
942 _cLIBRO
949 _a546.02 E44 1928
_bBC
_cBPP
_d-73448
_eBPP
_i31756
_si
999 _c26683
_d26683